|
|
|
|
| LEADER |
00000cam a2200000 7i4500 |
| 001 |
0000024196 |
| 005 |
20081203.0 |
| 008 |
081203 |
| 020 |
|
|
|a 1932234268
|
| 090 |
0 |
0 |
|a 338.76292092
|b SAT
|
| 100 |
1 |
|
|a Sato, Masaaki
|
| 245 |
1 |
4 |
|a The honda myth :
|b the genius and his wake
|c Masaaki Sato; translated by Hiroko Yoda with Matt Alt
|
| 260 |
|
|
|a New York :
|b Vertical ,
|c 2006
|
| 650 |
|
0 |
|a Automobile industry and trade
|z Japan
|
| 650 |
|
0 |
|a Fujisawa, Takeo, 1910
|x Biography
|
| 650 |
|
0 |
|a Honda, soichiro, 1906
|x Biography
|
| 650 |
|
0 |
|a Honda
|x Giken
|x Kogyo
|x Kabushihi Kaisha
|
| 999 |
|
|
|a 0001022019
|b Book
|c REFERENCE
|e Perbadanan Perpustakaan Awam Johor
|